| 000 | 00645nam a2200193 a 4500 | ||
|---|---|---|---|
| 020 | _a0065016742 | ||
| 040 | _cDLC | ||
| 082 | 0 | 0 | _a372 HAR 1994 A021 Or. |
| 100 | 1 | _aDublin, Peter. | |
| 245 | 1 | 0 | _aElementary science / |
| 260 |
_aNew York : _bHarperCollins College Publishers, _cc1994. |
||
| 300 |
_a176 p. : _bill. ; _c24 cm. + _e1 computer disk (3 1/2 in.). |
||
| 500 | _aSystem requirements for computer disk: IBM-compatible PC; 640K RAM; DOS 3.3 or later; Epson, IBM/ProPrinter, HP LaserJet or compatible printer. | ||
| 650 | 0 | _aScience | |
| 650 | 0 | _aScience | |
| 700 | 1 | _aPressman, Harvey. | |
| 700 | 1 | _aBarnett, Eileen. | |
| 942 | _cEK | ||
| 999 |
_c12836 _d12836 |
||